000 00306nam a2200121Ia 4500
008 240624s9999 xx 000 0 und d
041 _aeng
082 _a060 MIS
100 _aMISRA SASI
245 _aTWELFTH BIENNIAL CONFERENCE ON ENTREPREN
260 _c2017
_aDelhi
_bBookwell
300 _a710 p.; 28 cm.
999 _c28927
_d28927